000 00897nam a22002537a 4500
999 _c15462
_d15462
003 MIRAKIL
005 20240222164613.0
008 240222b tu ||||| |||| 00| 0 tur d
020 _a9786059897570
040 _aTR-AnCHP
_cTR-AnCHP
041 _atur
082 _a079.5622
_bK26t 2019
090 _a079.5622 K26t 2019
100 1 _aKaplanoğlu, Raif
245 1 0 _aTipodan ofsete Bursa basın tarihi (1866-1974) /
_cRaif Kaplanoğlu, Ozan Kaplanoğlu
260 _aBursa :
_bNilüfer Belediyesi,
_c2019
_f(Rota Barışçı Matbaacılık)
300 _a380 s. :
_bres., ;
_c23 cm.
500 _aYılmaz Akkılıç Bursa Araştırmaları Ödülü 2017
504 _aKaynakça: 377-380 ss.
650 0 _96292
_aBasın
_xTarih
_zBursa
700 _97586
_aKaplanoğlu, Ozan
856 _zDijital Nüshası için Partimizin Kütüphane Sorumlusu ile iletişime geçiniz.
942 _2ddc
_cBKS